00952nam a2200265 a 450000100060000000300080000600500170001400800410003102000150007203500190008704000270010604100080013308200220014110000610016324500620022426000590028630000350034550400540038065000240043465000330045865000340049194200120052599900170053795201320055470332BD-RjUL20211209082004.0170417r19781969enkcfh b 001 0ceng  a0710067755 a(BD-RjUL)70546 aDLCcDLCdBD-RjULbeng aeng00a910223bDIM 19781 aDickinson, Robert E.q(Robert Eric),d1905-1981.916687814aThe makers of modern geography /cby Robert E. Dickinson. aLondon :bRoutledge & K. Paul,c1969, [reprinted 1978] axiv, 305 p. :bill. ;c22 cm. aBibliography: p. xiv. Bibliographical footnotes. 0aGeographers9166880 0aGeographerszFrance.9166879 0aGeographerszGermany.9166880 2ddccBK c70332d70332 00102ddc40718NFICaRUCLbRUCLcReadingd1982-07-02eHefferg9.75l0o910 DIM 1978r2017-04-17 00:00:00tC-1w2017-04-17yBK